O último moicano (Registo nº 390)

Detalhes MARC
000 -Etiqueta do registo
Cabeçalho 00886nam0a2200277 4500
005 - Identificador da versão
Campo de controlo 20240821225108.0
010 ## - Número internacional normalizado dos livros (ISBN)
Número (ISBN) 9722217321
021 ## - Número do Depósito Legal
Código do país PT
Número 148489/00
100 ## - Dados gerais de processamento
Dados gerais de processamento 20160310d2000 de y0pory5003 ba
101 1# - Língua de publicação
Língua do texto, banda sonora, etc. Português
Língua do documento no original Inglês
102 ## - Pais de publicação ou produção
País de publicação Portugal
200 1# - Titulo e menção de responsabilidade
Título próprio O último moicano
Primeira menção de responsabilidade Fenimore Cooper
Outras menções de responsabilidade il. Augusto Trigo
-- trad. Maria das Mercês de Mendonça Soares
205 ## - Menção da edição
Menção da edição 1ª ed
210 ## - Publicação, Distribuição, etc. 
Lugar da edição, distribuição, etc. [Lisboa]
Nome do editor, distribuidor, etc. Verbo
Data da publicação, distribuição, etc. D. L. 2000
215 ## - Descrição física 
Indicação específica da natureza do documento e extensão da espécie 221, [2] p.
Outras indicações físicas il
225 2# - Colecção 
Título próprio da colecção O prazer de ler
Nome de uma parte ou secção Clássicos juvenis
Indicação de volume 16
300 ## - Notas gerais 
Texto da nota Plano Nacional de Leitura
606 ## - Nome comum usado como assunto
Número de registo de entrada de autoridade 0002097
Palavra de ordem Literatura americana
Subdivisão de assunto Romance
Código do sistema CA
675 ## - Classificação Decimal Universal (CDU)
Notação 821.111(73)-31
Edição 3ª ed.
Língua da edição por
700 ## - Nome de autor-pessoa física (responsabilidade principal)
Número de registo de entrada de autoridade 0000403
Palavra de ordem Cooper
Outra parte do nome não tomada para palavra de ordem James Fenimore
Datas 1789-1851
702 ## - Nome de autor-pessoa física (responsabilidade secundária)
Número de registo de entrada de autoridade 0000404
Palavra de ordem Trigo
Outra parte do nome não tomada para palavra de ordem Augusto
Datas 1938-
Código de função Ilustrador / Técnico de desenho computorizado
Número de registo de entrada de autoridade 0000330
Palavra de ordem Soares
Outra parte do nome não tomada para palavra de ordem Maria das Mercês de Mendonça
Código de função Tradutor
942 ## - Elementos de entrada adicionados (Koha)
Tipo de item no Koha Livro
966 ## - Identificação da Biblioteca
Sigla EB2,3ENM
Exemplares
Situação do levantamento Origin of item (home branch) (coded) Biblioteca de empréstimo Código de barras Cota Circulation type (not for loan) Tipo de documento Nota do exemplar Damaged status
  Biblioteca Escolar Eng. Nuno Mergulhão Biblioteca Escolar Eng. Nuno Mergulhão BENM406 82LE-3 COO PNL   Livro Sem mensagem